000 00474nam a2200217Ia 4500
003 OSt
005 20221005125753.0
006 a|||||r|||| 00| 0
007 ta
008 ORI
024 _a27527
037 _cTextual
040 _aCRL
_cCRL
_bORI
041 _2ORI
_aORI
082 _aAv2, 1591L2
100 _aMishra
245 0 _aPrachina bharatre bigyana
260 _c1972
942 _hAv2, 1591L2
_cTEXL
_2cc
999 _c1055008
_d1055008